Hỏi-đáp về đồ gá

Đã lưu trong:
书目详细资料
主要作者: Trần Đình Phi
格式: 图书
语言:Undetermined
出版: Hà Nội Lao động 1977
主题:
标签: 添加标签
没有标签, 成为第一个标记此记录!
Thư viện lưu trữ: Trung tâm Học liệu Trường Đại học Cần Thơ
LEADER 00458nam a2200169Ia 4500
001 CTU_11727
008 210402s9999 xx 000 0 und d
082 |a 671.5 
082 |b Ph300 
100 |a Trần Đình Phi 
245 0 |a Hỏi-đáp về đồ gá 
245 0 |c Trần Đình Phi 
260 |a Hà Nội 
260 |b Lao động 
260 |c 1977 
650 |a metal-work 
980 |a Trung tâm Học liệu Trường Đại học Cần Thơ